|
|
|
|
| LEADER |
01762nam a2200397 i 4500 |
| 001 |
EBC3002565 |
| 003 |
MiAaPQ |
| 005 |
20200520144314.0 |
| 006 |
m o d | |
| 007 |
cr cnu|||||||| |
| 008 |
140831t20052005wiua ob 001 0 eng d |
| 020 |
|
|
|z 9780873896252
|
| 035 |
|
|
|a (MiAaPQ)EBC3002565
|
| 035 |
|
|
|a (Au-PeEL)EBL3002565
|
| 035 |
|
|
|a (CaPaEBR)ebr10907797
|
| 035 |
|
|
|a (OCoLC)926453702
|
| 040 |
|
|
|a MiAaPQ
|b eng
|e rda
|e pn
|c MiAaPQ
|d MiAaPQ
|
| 050 |
|
4 |
|a HF5718.3
|b .C364 2005
|
| 082 |
0 |
|
|a 808/.06665
|2 22
|
| 100 |
1 |
|
|a Campanizzi, Jane,
|d 1947-
|e author.
|
| 245 |
1 |
0 |
|a Effective writing for the quality professional :
|b creating useful letters, reports, and procedures /
|c Jane Campanizzi.
|
| 264 |
|
1 |
|a Milwaukee, Wisconsin :
|b ASQ Quality Press,
|c 2005.
|
| 264 |
|
4 |
|c 2005
|
| 300 |
|
|
|a 1 online resource (163 pages) :
|b illustrations, tables
|
| 336 |
|
|
|a text
|2 rdacontent
|
| 337 |
|
|
|a computer
|2 rdamedia
|
| 338 |
|
|
|a online resource
|2 rdacarrier
|
| 504 |
|
|
|a Includes bibliographical references at the end of each chapters and index.
|
| 588 |
|
|
|a Description based on print version record.
|
| 590 |
|
|
|a Electronic reproduction. Ann Arbor, MI : ProQuest, 2015. Available via World Wide Web. Access may be limited to ProQuest affiliated libraries.
|
| 650 |
|
0 |
|a Business writing.
|
| 650 |
|
0 |
|a Business presentations.
|
| 655 |
|
4 |
|a Electronic books.
|
| 776 |
0 |
8 |
|i Print version:
|a Campanizzi, Jane, 1947-
|t Effective writing for the quality professional : creating useful letters, reports, and procedures.
|d Milwaukee, Wisconsin : ASQ Quality Press, c2005
|h xii, 151 pages
|z 9780873896252
|w 2004029255
|
| 797 |
2 |
|
|a ProQuest (Firm)
|
| 856 |
4 |
0 |
|u https://ebookcentral.proquest.com/lib/matrademy/detail.action?docID=3002565
|z Click to View
|